00444 2200169 4500001002100000008004100021035002000062245004200082100001600124260002500140300001100165020001800176084001400194082000800208650004000216990001800256INLIS000000000000880 ind  a0010-0724000880 aBercocok TanambPalawijacSugeng H. R aSugeng H. R aSemarangbAneka ilmu a54 hlm a979-736-356-2 a582 SUG b a582 aTanaman dengan Karakteristik Khusus aP29/CP/24/880